000 00730cam a22002172a 4500
001 017618
003 AR-FADEU
008 311216n2003####xxu####################dd
020 _a987-1105-33-9
092 _a325.21
_bA465
110 _aAlto Comisionado de Naciones Unidas para Refugiados
245 _aEl asilo y la protección internacional de los refugiados en América latina : análisis crítico del dualismo ''asilo-refugio'' a la luz del derecho internacional de los derechos humanos
260 _aBuenos Aires
260 _bSiglo Veintiuno
260 _c2003
300 _a502 p
500 _aIncluye bibliografía
700 _aLeonardo, Franco, coor.
650 _aREFUGIADOS-AMERICA LATINA
942 _cBDGR
999 _c23365
_d23365